000 00254nam a2200097Ia 4500
008 180205s9999 xx 000 0 und d
100 _aConstantino, Renato
245 4 _aThe making of a Filipino /
260 _aQuezon City
_c2000
300 _avii, 342 pages
999 _c354808
_d354808